000 00332nam a2200145Ia 4500
008 230718s9999 xx 000 0 und d
041 _aEng.
082 _a332.4
_bKHA-I
100 _aKhan, Saghir Ahmad
245 0 _aIncome Tax seedings
260 _aPakistan
_bMansal bone
_c2002
300 _a238
650 _aLaw
999 _c29148
_d29148